| 000 | 01124nam a22003257a 4500 | ||
|---|---|---|---|
| 003 | CHAP | ||
| 005 | 20220329134853.0 | ||
| 008 | 971013s1980 r 00010 d | ||
| 010 | _a27228 | ||
| 011 | _a28200 | ||
| 035 | _a32303 | ||
| 040 | _cCHAP | ||
| 082 |
_a378.242 _bK4 |
||
| 100 | 0 | 0 |
_aKeithley, Erwin M. _962914 |
| 245 | _aManual para la elaboración de tesis, monografías e informes | ||
| 260 |
_aCincinnati, Ohio : _bSouth-Western Pub., _c1980 |
||
| 300 | _a107 p. | ||
| 590 |
_aBATCH-UPD _b10 _c20130110 _lUCH01 _h1116 |
||
| 590 |
_aBATCH-UPD _b10 _c20130410 _lUCH01 _h0707 |
||
| 590 |
_aBATCH-UPD _b10 _c20130914 _lUCH01 _h1654 |
||
| 590 |
_aCONVERSION _b10 _c20130109 _lUCH01 _h1316 |
||
| 650 | 1 | 4 |
_aInvestigación _xMetodología. _960237 |
| 650 | 1 | 4 |
_aTrabajos científicos _xElaboración. _9114562 |
| 700 | 0 |
_aSchreiner, J. Philip. _9103173 |
|
| 901 | _aBK | ||
| 942 | _cLIBRO | ||
| 949 |
_a378.242 K4 _bBC _cLIBRO _d-75033 _eLIBRO _fc.2 _h51974 _i32303 _si |
||
| 949 |
_a378.242 K4 _bBC _cLIBRO _d33724000430088 _eLIBRO _fc.3 _h51975 _i32303 _si |
||
| 949 |
_a378.242 K4 _bBC _cLIBRO _d33724000440582 _eLIBRO _h51973 _i32303 _si |
||
| 999 |
_c27228 _d27228 |
||